<?xml version="1.0" encoding="UTF-8"?>
<record
    xmlns:xsi="http://www.w3.org/2001/XMLSchema-instance"
    xsi:schemaLocation="http://www.loc.gov/MARC21/slim http://www.loc.gov/standards/marcxml/schema/MARC21slim.xsd"
    xmlns="http://www.loc.gov/MARC21/slim">

  <leader>02465cam a2200325 a 4500</leader>
  <controlfield tag="001">16370296</controlfield>
  <controlfield tag="003">OSt</controlfield>
  <controlfield tag="005">20231204143359.0</controlfield>
  <controlfield tag="008">100730s2011    enkab    b    001 0 eng  </controlfield>
  <datafield tag="010" ind1=" " ind2=" ">
    <subfield code="a">  2010031589</subfield>
  </datafield>
  <datafield tag="020" ind1=" " ind2=" ">
    <subfield code="a">9780415779425 (hbk.)</subfield>
  </datafield>
  <datafield tag="020" ind1=" " ind2=" ">
    <subfield code="a">9780415779432 (pbk.)</subfield>
  </datafield>
  <datafield tag="040" ind1=" " ind2=" ">
    <subfield code="a">DLC</subfield>
    <subfield code="c">DLC</subfield>
    <subfield code="d">DLC</subfield>
  </datafield>
  <datafield tag="042" ind1=" " ind2=" ">
    <subfield code="a">pcc</subfield>
  </datafield>
  <datafield tag="043" ind1=" " ind2=" ">
    <subfield code="a">az-----</subfield>
  </datafield>
  <datafield tag="050" ind1="0" ind2="0">
    <subfield code="a">DS340</subfield>
    <subfield code="b">.B66 2011</subfield>
  </datafield>
  <datafield tag="082" ind1="0" ind2="0">
    <subfield code="a">954</subfield>
    <subfield code="b">BOS/M</subfield>
  </datafield>
  <datafield tag="100" ind1="1" ind2=" ">
    <subfield code="a">Bose, Sugata,</subfield>
    <subfield code="d">1956-</subfield>
    <subfield code="9">10002</subfield>
  </datafield>
  <datafield tag="245" ind1="1" ind2="0">
    <subfield code="a">Modern South Asia :</subfield>
    <subfield code="b">history, culture, political economy /</subfield>
    <subfield code="c">Sugata Bose and Ayesha Jalal.</subfield>
  </datafield>
  <datafield tag="250" ind1=" " ind2=" ">
    <subfield code="a">3rd ed.</subfield>
  </datafield>
  <datafield tag="260" ind1=" " ind2=" ">
    <subfield code="a">London ;</subfield>
    <subfield code="a">New York :</subfield>
    <subfield code="b">Routledge,</subfield>
    <subfield code="c">2011.</subfield>
  </datafield>
  <datafield tag="300" ind1=" " ind2=" ">
    <subfield code="a">xvii, 259 p. :</subfield>
    <subfield code="b">ill., maps ;</subfield>
    <subfield code="c">24 cm.</subfield>
  </datafield>
  <datafield tag="504" ind1=" " ind2=" ">
    <subfield code="a">Includes bibliographical references and index.</subfield>
  </datafield>
  <datafield tag="505" ind1="0" ind2=" ">
    <subfield code="a">South Asian history : an introduction -- Modernity and antiquity : interpretations of ancient India -- Pre-modern accommodation of difference : the making of Indo-Islamic cultures -- The Mughal Empire : state, economy, and society -- India between empires : decline or decentralization? -- The transition to colonialism : resistance and collaboration -- The first century of British rule, 1757 to 1857 : state and economy -- Company Raj and Indian society, 1757 to 1857 : reinvention and reform of tradition -- 1857 : rebellion, collaboration, and the transition to Crown Raj -- High noon of colonialism, 1858 to 1914 : state and political economy -- A nation in making? : rational reform, religious revival, and Swadeshi nationalism, 1858 to 1914 -- Colonialism under siege : state and political economy after World War I -- Gandhian nationalism and mass politics : the 1920s -- The depression decade : society, economics, and politics -- Nationalism and colonialism during World War II and its aftermath : economic crisis and political confrontation -- The partition of India and the demand for Pakistan 1947 : its meaning and memory -- Post-colonial South Asia : state and economy, society, and politics, 1947-1971 -- Post-colonial South Asia : state and economy, society, and politics, 1971-2003 -- Decolonizing South Asia : the view from a new millennium.</subfield>
  </datafield>
  <datafield tag="651" ind1=" " ind2="0">
    <subfield code="a">South Asia</subfield>
    <subfield code="x">History.</subfield>
  </datafield>
  <datafield tag="700" ind1="1" ind2=" ">
    <subfield code="a">Jalal, Ayesha.</subfield>
  </datafield>
  <datafield tag="906" ind1=" " ind2=" ">
    <subfield code="a">7</subfield>
    <subfield code="b">cbc</subfield>
    <subfield code="c">orignew</subfield>
    <subfield code="d">1</subfield>
    <subfield code="e">ecip</subfield>
    <subfield code="f">20</subfield>
    <subfield code="g">y-gencatlg</subfield>
  </datafield>
  <datafield tag="942" ind1=" " ind2=" ">
    <subfield code="2">ddc</subfield>
    <subfield code="c">BK</subfield>
    <subfield code="h">954</subfield>
    <subfield code="i">BOS/M</subfield>
    <subfield code="k">954</subfield>
    <subfield code="m">BOS/M</subfield>
  </datafield>
  <datafield tag="952" ind1=" " ind2=" ">
    <subfield code="0">0</subfield>
    <subfield code="1">0</subfield>
    <subfield code="2">ddc</subfield>
    <subfield code="4">0</subfield>
    <subfield code="7">0</subfield>
    <subfield code="8">HISTORY</subfield>
    <subfield code="a">MES</subfield>
    <subfield code="b">MES</subfield>
    <subfield code="c">HIS</subfield>
    <subfield code="d">2023-12-04</subfield>
    <subfield code="l">0</subfield>
    <subfield code="o">954 BOS/M</subfield>
    <subfield code="p">44036</subfield>
    <subfield code="r">2023-12-04 14:34:35</subfield>
    <subfield code="v">645.00</subfield>
    <subfield code="w">2023-12-04</subfield>
    <subfield code="y">BK</subfield>
    <subfield code="z">GL39R1</subfield>
  </datafield>
  <datafield tag="999" ind1=" " ind2=" ">
    <subfield code="c">43855</subfield>
    <subfield code="d">43855</subfield>
  </datafield>
</record>
